| 000 | 00502nam a22001817a 4500 | ||
|---|---|---|---|
| 005 | 20230107141738.0 | ||
| 008 | 230107b |||||||| |||| 00| 0 eng d | ||
| 020 | _a9789355011930 | ||
| 041 | _aeng | ||
| 082 | _a510 | ||
| 100 |
_aDass H K _9106157 |
||
| 245 | _aMathematics I | ||
| 250 | _a2nd | ||
| 260 |
_aNew Delhi _bS Chand and Company _c2022 |
||
| 300 | _a1-495 | ||
| 520 | _aDifferential Calculus Multivariable Calculus Matrices First Order Ordinary Differential Equations | ||
| 942 | _cBK | ||
| 999 |
_c83748 _d83748 |
||